Klasyfikacja Wszech Czasów Olimpiady (zimowej) - Statystyki

Ogólne statystyki
  • Ten quiz został rozwiązany 391 razy
  • Średni wynik to 23 z 29
Statystyki odpowiedzi
Medale Kraj % Poprawnych
20 Polska
100%
281 Stany Zjednoczone
100%
329 Norwegia
99%
170 Kanada
98%
377 Niemcy
98%
341 Rosja
98%
144 Szwecja
98%
156 Finlandia
97%
45 Japonia
97%
53 Chiny
95%
109 Francja
95%
114 Włochy
94%
218 Austria
93%
24 Czechy
93%
138 Szwajcaria
91%
53 Korea Południowa
87%
15 Słowenia
87%
7 Ukraina
87%
26 Wielka Brytania
85%
110 Holandia
84%
15 Białoruś
77%
7 Estonia
73%
7 Łotwa
73%
7 Kazachstan
72%
12 Australia
68%
11 Chorwacja
58%
25 Czechosłowacja
19%
9 Lichtenstein
8%
23 WNP
2%
Nie znaleziono quizów pasujących do podanych kryteriów
Rozkład punktacji
Procent ludzi z każdym wynikiem
Percentyl według liczby udzielonych odpowiedzi
Twoja historia wyników
Nie rozwiązałeś tego quizu